| 000 | 00585nam a2200157 4500 | ||
|---|---|---|---|
| 999 |
_c12578 _d12578 |
||
| 008 | 240224b ||||| |||| 00| 0 eng d | ||
| 040 | _aBMS College of Architecture | ||
| 100 | _aKiran S | ||
| 245 | _aCreativeTech Nexus: Fostering Synergy Between Animation, Gaming, and Tech Innovation, An Animation, Gaming and VFX Hub | ||
| 300 | _a67p. | ||
| 500 | _a1CF19AT048 | ||
| 502 |
_8B.Arch. _NBMS College of Architecture, Visvesvaraya Technological University (VTU) _aProject report _d2023 |
||
| 700 |
_aMukesh G Kotak _eGuide |
||
| 710 |
_aAnn Innocent Joseph _aGuide |
||
| 942 |
_2ddc _cTHE |
||